| 000 | 00797nam a22002297a 4500 | ||
|---|---|---|---|
| 005 | 20130801154119.0 | ||
| 008 | 130801b2010 mau||||| |||| 00| 0 spa d | ||
| 020 | _a9781405121736 | ||
| 041 | _aeng | ||
| 044 | _axxu | ||
| 082 |
_a526 _bC88m |
||
| 100 | 1 |
_aCrampton, Jereny W. _91197 |
|
| 245 | 1 | 0 |
_aMapping _ba critical introduction to cartography and GIS / _cJeremy W. Crampton. |
| 260 |
_aMalden, Mass. : _bWiley-Blackwell, _cc2010 |
||
| 300 |
_ax, 217 p. : _bil. _c26 cm. |
||
| 490 | 0 | _aCritical introductions to geography | |
| 504 | _aIncluye referencias bibliográficas (p. 185-202) e índice | ||
| 650 | 0 |
_aCartography _xComputer programs. _91198 |
|
| 650 | 0 |
_aGeographic information systems. _91199 |
|
| 650 | 0 |
_aSistemas de información geográfica GIS _91200 |
|
| 942 |
_2ddc _cImpreso |
||
| 999 |
_c7510 _d7510 |
||